| 000 | 00659nam a2200241 i 4500 | ||
|---|---|---|---|
| 001 | bg | ||
| 100 | 1 | _aVOLKERDING, Patrick | |
| 245 | 1 | 0 |
_aLinux : _binstalacja i konfiguracja / _cPatrick Volkerding, Kevin Reichard i Eric Foster-Johnson. |
| 260 |
_aWarszawa : _bWydaw. PLJ, _c1999. |
||
| 300 |
_a600 s. ; _c24 cm + _e2xCD-ROM. |
||
| 504 | _aIndeks. | ||
| 650 | 9 | _aLinux | |
| 655 | _aPodręczniki | ||
| 700 | 1 | _aREICHARD, Kevin | |
| 700 | 1 | _aFOSTER-JOHNSON, Eric | |
| 020 | _a8371014163 | ||
| 040 | _cBPK | ||
| 041 | 1 |
_apl _hen |
|
| 080 | _a004.451(07)Linux | ||
| 920 | _a83-7101-416-3 | ||
| 942 | _cKS | ||
| 008 | s pl f |000 0 pol | ||
| 999 |
_c35797 _d35797 |
||
| 856 |
_uhttp://koha.tu.koszalin.pl/cgi-bin/koha/opac-detail.pl?biblionumber=35797 _yKatalog online BPK |
||